[Event "Puerto La Cruz IV IRT FVA"]
[Site "Puerto La Cruz"]
[Date "2014.04.26"]
[Round "4.3"]
[White "Barrera Caicedo, Hubert Steven"]
[Black "Parra Moreno, Daniel Jesus"]
[Result "1/2-1/2"]
[WhiteElo "1862"]
[BlackElo "2086"]
[PlyCount "87"]
[EventDate "2014.04.25"]
[EventType "swiss"]
[EventRounds "7"]
[EventCountry "VEN"]
[SourceTitle "EXT 2022"]
[Source "ChessBase"]
[SourceDate "2021.10.06"]
[SourceVersion "1"]
[SourceVersionDate "2021.10.06"]
[SourceQuality "1"]

1. Nf3 Nf6 2. d4 e6 3. c4 Bb4+ 4. Bd2 Qe7 5. e3 0-0 6. Bd3 Bxd2+ 7. Nbxd2 d6 8. 0-0 e5 9. Qc2 Bg4 10. dxe5 dxe5 11. Ng5 h6 12. Nge4 Nfd7 13. h3 Be6 14. Nc3 f5 15. e4 f4 16. Nd5 Qd8 17. Be2 Nc6 18. a3 Nd4 19. Qd1 c6 20. Nc3 Qf6 21. Bg4 Rad8 22. Bxe6+ Qxe6 23. Qg4 Qxg4 24. hxg4 Nf6 25. Nf3 Nxg4 26. Rad1 Nxf3+ 27. gxf3 Nf6 28. b4 Kf7 29. Na4 g5 30. Nc5 b6 31. Nd3 Ke6 32. Kg2 h5 33. c5 g4 34. Rh1 b5 35. Nb2 Rg8 36. Nd3 gxf3+ 37. Kxf3 Rg4 38. Rxh5 Nxh5 39. Kxg4 Nf6+ 40. Kf3 Rh8 41. Kg2 Rg8+ 42. Kf3 Rh8 43. Kg2 Rg8+ 44. Kf3 1/2-1/2